书目信息 |
| 题名: |
斯大林
|
|
| 作者: | 刘乐华 | |
| 分册: | 上 | |
| 出版信息: | 北京 京华出版社 2004 |
|
| 页数: | 400 | |
| 开本: | 20cm | |
| 丛书名: | 二十世纪风云人物丛书 | |
| 单 册: | ||
| 中图分类: | A74 | |
| 科图分类: | ||
| 主题词: | 斯大林--生平事迹 , 斯大林--传记 | |
| 电子资源: | ||
| ISBN: | 7-80600-850-0 | |
| 000 | 00593nam0 2200217 450 | |
| 001 | 0735257515 | |
| 005 | 20070904094737.51 | |
| 010 | @a7-80600-850-0@d39.80 | |
| 100 | @a20070904d km y0chiy0120 ea | |
| 101 | 0 | @achi |
| 200 | 1 | @a斯大林@Asi da lin@h上@f刘乐华等@Fliu yue hua deng |
| 210 | @a北京@c京华出版社@d2004 | |
| 215 | @a400@d20cm | |
| 225 | 2 | @a二十世纪风云人物丛书 |
| 410 | 0 | @12001 @a二十世纪风云人物丛书 |
| 606 | 0 | @a斯大林@x生平事迹 |
| 606 | 0 | @a斯大林@x传记 |
| 690 | @aA74@v3 | |
| 701 | 0 | @a刘乐华@Aliu yue hua |
| 801 | 0 | @aCN@bPFT@c20070904 |
| 905 | @a213230@dA74@ea2:1@f1 | |
| 斯大林.上/刘乐华等.-北京:京华出版社,2004 |
| 400;20cm.-(二十世纪风云人物丛书) |
| ISBN 7-80600-850-0:39.80 |
| ● |
| 相关链接 |
|
|
|
|
正题名:斯大林
索取号:A74/a2:1
 
预约/预借
| 序号 | 登录号 | 条形码 | 馆藏地/架位号 | 状态 | 备注 |
| 1 | 7500116 | 275001169 | 史法系资料室/ [索取号:A74/a2:1] | 在馆 |